00567nam a2200169Ia 4500008004100000020001500041041001200056082001600068100001600084245006300100260002500163300000800188650000800196942000700204999001500211952017100226221030s9999 xx 000 0 und d a0070494827 aEnglish a105.23bVee aT. Veerajan 0aProbability, Statistics & Random Processescby T. Veerajan bTMHaNew Delhic2004 a693 aECE cBK c4302d4302 pBE 7597g215.00l0o105.23 Veer2024-06-13 00:00:00w2022-10-30yBK003Print4070aMIETLIBbMIETLIBcBL-Academic Block A, FL-1, CUP-51, SH-1, R-1d2005-02-1710HBE